书目信息 |
| 题名: |
地板采暖与分户热计量技术
|
|
| 作者: | 卜一德 编 | |
| 分册: | ||
| 出版信息: | 北京 中国建筑工业出版社 2003.06 |
|
| 页数: | 413页 | |
| 开本: | 20cm | |
| 丛书名: | 工程建设新技术丛书 | |
| 单 册: | ||
| 中图分类: | TU832.5 | |
| 科图分类: | ||
| 主题词: | 建筑--空气调节 , 房屋建筑设备:空气调节设备 , 房屋建筑设备:采暖设备 , 建筑--通风 , 房屋建筑设备:通风设备 | |
| 电子资源: | ||
| ISBN: | 7-112-05813-9 | |
| 000 | 00793nam0 2200265 45 | |
| 001 | 0436480420 | |
| 005 | 2004042610080041 | |
| 010 | @a7-112-05813-9@dCNY 20.00 | |
| 100 | @a20040426d2003 km y0chiy0120 ea | |
| 101 | 0 | @achi |
| 102 | @aCN@b110000 | |
| 200 | 1 | @a地板采暖与分户热计量技术@Adi ban cai nuan yu fen hu re ji liang ji shu@f卜一德编@Fbo yi de bian |
| 210 | @a北京@c中国建筑工业出版社@d2003.06 | |
| 215 | @a413页@d20cm | |
| 225 | 2 | @a工程建设新技术丛书 |
| 410 | 0 | @12001 @a工程建设新技术丛书 |
| 606 | 0 | @a建筑@x空气调节 |
| 606 | 0 | @a房屋建筑设备:空气调节设备 |
| 606 | 0 | @a房屋建筑设备:采暖设备 |
| 606 | 0 | @a建筑@x通风 |
| 606 | 0 | @a房屋建筑设备:通风设备 |
| 690 | @aTU832.5@v3 | |
| 701 | 0 | @a卜一德@Abo yi de@4编 |
| 801 | 0 | @aCN@bPFT@c20040426 |
| 905 | @dTU832.5@eB974 | |
| 地板采暖与分户热计量技术/卜一德编.-北京:中国建筑工业出版社,2003.06 |
| 413页;20cm.-(工程建设新技术丛书) |
| ISBN 7-112-05813-9:CNY 20.00 |
| ● |
| 相关链接 |
|
|
|
正题名:地板采暖与分户热计量技术
索取号:TU832.5/B974
 
预约/预借
| 序号 | 登录号 | 条形码 | 馆藏地/架位号 | 状态 | 备注 |
| 1 | 391732 | 203917324 | 建筑库201/201建筑库 52排3列3层/ [索取号:TU832.5/B974] | 在馆 | |
| 2 | 391733 | 203917333 | 建筑库201/201建筑库 52排3列3层/ [索取号:TU832.5/B974] | 在馆 | |
| 3 | 391734 | 203917342 | 建筑库201/201建筑库 52排3列3层/ [索取号:TU832.5/B974] | 在馆 |